Catalog

Record Details

Catalog Search



Tso  Cover Image Book Book

Tso / Samuel Beckett ; [z anglického originálu ... přeložil Tomáš Míka]

Record details

  • ISBN: 80-7203-456-1
  • Physical Description: 246 s. ; 20 cm
  • Edition: Vyd. 1.
  • Publisher: Praha : Argo, 2002
Genre: irské romány (anglicky)
Irish fiction (English)

Available copies

  • 1 of 1 copy available at Common Catalog SPOK.

Holds

  • 0 current holds with 1 total copy.
Show Only Available Copies
Location Call Number / Copy Notes Barcode Shelving Location Status Due Date
KDS Library 810 BeS 204576800073 Library Available -

LDR 01105nam a2200337 a 4500
00119735
003CZ-PrJAB
00520150701083135.0
007ta
008030318s2002 xr e 000 1 cze
015 . ‡acnb001202290
020 . ‡a80-7203-456-1 ‡q(váz.) : ‡cKč 249,00, pro členy Literárního klubu Kč 215,00
035 . ‡a(CZ PrNK)cpk20031202290
035 . ‡a(OCoLC)53268231
040 . ‡aABA001 ‡bcze
0411 . ‡acze ‡heng
072 7. ‡a821.111-3 ‡xAnglická próza, anglicky psaná ‡2Konspekt ‡925
080 . ‡a821.111(417)-31 ‡2MRF
1001 . ‡aBeckett, Samuel, ‡d1906-1989 ‡7jn19990000595 ‡4aut
24510. ‡aTso / ‡cSamuel Beckett ; [z anglického originálu ... přeložil Tomáš Míka]
250 . ‡aVyd. 1.
260 . ‡aPraha : ‡bArgo, ‡c2002
300 . ‡a246 s. ; ‡c20 cm
4901 . ‡aKořeny ; ‡vsv. 16
655 7. ‡airské romány (anglicky) ‡7fd132475 ‡2czenas
655 9. ‡aIrish fiction (English) ‡2eczenas
7001 . ‡aMíka, Tomáš, ‡d1959- ‡7jn20010309517 ‡4trl
7650 . ‡tWatt ‡9Česky
830 0. ‡aKořeny (Argo)
910 . ‡aABE463
998 . ‡a001202290
901 . ‡a19735 ‡b ‡c19735 ‡tbiblio

Additional Resources